000 00442nam a2200181Ia 4500
001 16939
005 20260306170348.0
008 260306t2002||||xx |||||||||||||| ||und||
041 _aESP
082 _a657.3
_bP19
100 _aPalepu Healy, Bernard
_eAUT
245 0 _aAnálisis y valuación de negocios mediante estados financieros
260 _c2002
300 _a
_c
650 _aGEN
654 _aCCO
942 _cLIB
_dJUS
_fJUS
_2ddc
_n
999 _c16939
_d16939